Państwa na literę S - Statystyki

Ogólne statystyki
  • Ten quiz został rozwiązany 22 razy
  • Średni wynik to 5 z 7
Statystyki odpowiedzi
Kontynent Państwo % Poprawnych
Europa Słowacja
90%
Europa Słowenia
90%
Europa Szwecja
90%
Europa San Marino
76%
Europa Szwajcaria
67%
Ameryka Północna Saint Kitts i Nevis
43%
Ameryka Północna Saint Lucia
43%
Nie znaleziono quizów pasujących do podanych kryteriów
Rozkład punktacji
Procent ludzi z każdym wynikiem
Percentyl według liczby udzielonych odpowiedzi
Twoja historia wyników
Nie rozwiązałeś tego quizu